000 00485nam a22001697a 4500
999 _c40963
_d40963
003 OSt
005 20210224111526.0
008 210224b ||||| |||| 00| 0 eng d
020 _a9788189301095
040 _coclc
082 _a330
_bSHI/U
100 _98426
_aShirur, Sriniwas
245 _aUGC NET/SET Economics /
_cSriniwas Shirur
260 _aNew Delhi:
_bDanika Publishing Company,
_c2019.
300 _a432p
942 _2ddc
_cBK
_h330
_iSHI/U
_k330
_mSHI/U